Protecting your home from subsidence damage (Record no. 82312)

MARC details
000 -LEADER
fixed length control field 00917cad a22002055a 4500
001 - CONTROL NUMBER
control field L149868
008 - FIXED-LENGTH DATA ELEMENTS--GENERAL INFORMATION
fixed length control field 100510e2010 xxk 000 0 eng d
035 ## - SYSTEM CONTROL NUMBER
System control number (Sirsi) u149868
041 0# - LANGUAGE CODE
Language code of text/sound track or separate title eng
050 ## - LIBRARY OF CONGRESS CALL NUMBER
Classification number 690.25 $2 18
110 2# - MAIN ENTRY--CORPORATE NAME
Corporate name or jurisdiction name as entry element Association of British Insurers
9 (RLIN) 3272
245 00 - TITLE STATEMENT
Title Protecting your home from subsidence damage
Medium [electronic resource]
260 ## - PUBLICATION, DISTRIBUTION, ETC.
Place of publication, distribution, etc. London
Name of publisher, distributor, etc. ABI
Date of publication, distribution, etc. [2010?]
520 ## - SUMMARY, ETC.
Summary, etc. Consumer guide for protecting the home from subsidence damage; covers problems, causes, solution, how to put matters right, and a list of the safe distances from trees (by species) to buildings.
590 ## - LOCAL NOTE (RLIN)
Local note KA NTK
651 #4 - SUBJECT ADDED ENTRY--GEOGRAPHIC NAME
Geographic name United Kingdom
Chronological subdivision
690 ## - LOCAL SUBJECT ADDED ENTRY--TOPICAL TERM (OCLC, RLIN)
Topical term or geographic name as entry element BUILT ENVIRONMENT-BUILDING PATHOLOGY
856 48 - ELECTRONIC LOCATION AND ACCESS
Uniform Resource Identifier <a href="https://www.abi.org.uk/~/media/Files/Documents/Publications/Public/Migrated/Home/Protecting your home from subsidence damage.pdf">https://www.abi.org.uk/~/media/Files/Documents/Publications/Public/Migrated/Home/Protecting your home from subsidence damage.pdf</a>
Public note View the website free of charge at www.abi.org.uk
942 ## - ADDED ENTRY ELEMENTS (KOHA)
Suppress in OPAC 0
Holdings
Withdrawn status Lost status Source of classification or shelving scheme Damaged status Not for loan Home library Current library Shelving location Date acquired Total Checkouts Full call number Barcode Date last seen Copy number Price effective from Koha item type
    Dewey Decimal Classification     Virtual Virtual Online 10/05/2010   ONLINE PUBLICATION 149868-2001 06/08/2019 1 06/08/2019 Book